Miestne dane a poplatky v obciach Prešovského kraja diplomová práca

Uložené v:
Podrobná bibliografia
Hlavný autor: Tomečko, Oliver
Korporativný autor: Národohospodárska fakulta EU. Katedra verejnej správy a regionálneho rozvoja
Ďalší autori: Jacko, Tomáš, 1987-
Médium: Kniha
Jazyk:Slovak
Vydavateľské údaje: Bratislava 2020
Tagy: Pridať tag
Žiadne tagy, Buďte prvý, kto otaguje tento záznam!

MARC

LEADER 00000nbm a2200000 4500
001 0264445
005 20200925085706.5
041 0 |a slo 
044 |a SK 
245 1 0 |a Miestne dane a poplatky v obciach Prešovského kraja  |b diplomová práca  |c Oliver Tomečko ; školiteľ: Tomáš Jacko 
264 1 |a Bratislava  |c 2020 
300 |a 101 s. 
100 1 |a Tomečko, Oliver 
700 1 |a Jacko, Tomáš, 1987- 
710 2 |a Národohospodárska fakulta EU. Katedra verejnej správy a regionálneho rozvoja